|
|
|
|
| LEADER |
00857cam a2200229 7i4500 |
| 001 |
0000035840 |
| 005 |
20200519090000.0 |
| 020 |
|
|
|a 0721606466 (pbk.)
|
| 020 |
|
|
|a 9780721606460 (pbk.)
|
| 090 |
0 |
0 |
|a RC702
|b .W38 2010
|
| 100 |
1 |
|
|a Watchie, Joanne
|
| 245 |
1 |
0 |
|a Cardiovascular and pulmonary physical therapy :
|b a clinical manual
|c Joanne Watchie.
|
| 250 |
|
|
|a 2nd ed.
|
| 260 |
|
|
|a St. Louis, Mo.:
|b Saunders/Elsevier,
|c 2010.
|
| 300 |
|
|
|a xiii, 458 p.:
|b ill.;
|c 28 cm.
|
| 650 |
0 |
0 |
|a Cardiopulmonary system --
|x Diseases --
|x Physical therapy
|
| 650 |
0 |
0 |
|a Cardiovascular Diseases --
|x rehabilitation
|
| 650 |
0 |
0 |
|a Lung diseases --
|x Rehabilitation
|
| 650 |
0 |
0 |
|a Physical therapy modalities
|
| 997 |
|
|
|a Health Sciences, Faculty
|
| 999 |
|
|
|a 0000046895
|b BOK
|c REFERENCE
|e 2nd Floor, Shah Alam
|
| 999 |
|
|
|a 0000048573
|b BOK
|c REFERENCE
|e 2nd Floor, Shah Alam
|